00478nam a2200157Ia 45000010006000000050017000060080041000230410008000640820015000721000037000872450143001242600009002673000028002766500008003046540008003122064320260306172821.0260306t2019||||xx |||||||||||||| ||spa|| aESP a343.6bD69 aDíaz Guevara, Juan JoséeAUT 0aLa responsabilidad administrativa funcional derivada del control gubernamental:banálisis y descripción metodológica-jurisprudencial c2019 a325 páginas :c25 cm. aGEN aCDE